Justin Timberlake Charting Songs (Billboard Hot 100) - Statistics

General Stats
  • This quiz has been taken 100 times
    55 since last reset
  • The average score is 23 of 39
Answer Stats
Album Weeks On Peak Artist(s) Song % Correct
FutureSex/LoveSounds 36 Weeks #1 (7 Weeks) Justin Timberlake SexyBack
100%
The 20/20 Experience 42 Weeks #2 Justin Timberlake Mirrors
95%
Trolls 52 Weeks #1 (1 Week) Justin Timberlake Can't Stop the Feeling!
93%
Justified 20 Weeks #3 Justin Timberlake Cry Me a River
88%
FutureSex/LoveSounds 29 Weeks #1 (3 Weeks) Justin Timberlake ft. T.I. My Love
88%
The 20/20 Experience 26 Weeks #3 Justin Timberlake ft. Jay-Z Suit & Tie
83%
FutureSex/LoveSounds 25 Weeks #1 (1 Week) Justin Timberlake What Goes Around...Comes Around
83%
Justified 22 Weeks #5 Justin Timberlake Rock Your Body
80%
Hard Candy 20 Weeks #3 Madonna ft. Justin Timberlake & Timbaland 4 Minutes
78%
Man of the Woods 16 Weeks #9 Justin Timberlake ft. Chris Stapleton Say Something
78%
FutureSex/LoveSounds 20 Weeks #6 Justin Timberlake Summer Love
78%
Magna Carta Holy Grail 27 Weeks #4 Jay-Z ft. Justin Timberlake Holy Grail
76%
Xscape 20 Weeks #9 Michael Jackson & Justin Timberlake Love Never Felt So Good
73%
Paper Trail 29 Weeks #2 T.I. ft. Justin Timberlake Dead and Gone
71%
Man of the Woods 6 Weeks #9 Justin Timberlake Filthy
66%
Shock Value 26 Weeks #1 (2 Weeks) Timbaland ft. Nelly Furtado & Justin Timberlake Give It To Me
66%
Everything I Thought It Was 13 Weeks #19 Justin Timberlake Selfish
63%
Curtis 20 Weeks #5 50 Cent ft. Justin Timberlake & Timbaland Ayo Technology
61%
FutureSex/LoveSounds 20 Weeks #17 Justin Timberlake LoveStoned
61%
Justified 17 Weeks #27 Justin Timberlake Senorita
61%
Justified 20 Weeks #11 Justin Timberlake Like I Love You
59%
The 20/20 Experience - 2 of 2 17 Weeks #36 Justin Timberlake TKO
59%
FutureSex/LoveSounds 25 Weeks #17 Justin Timberlake Duet with Beyonce Until the End of Time
59%
Fantasy Ride 12 Weeks #10 Ciara ft. Justin Timberlake Love Sex Magic
56%
The 20/20 Experience - 2 of 2 22 Weeks #8 Justin Timberlake Not a Bad Thing
54%
Shock Value II 26 Weeks #11 Timbaland ft. Justin Timberlake Carry Out
51%
Man of the Woods 1 Week #73 Justin Timberlake Man of the Woods
51%
The 20/20 Experience - 2 of 2 13 Weeks #29 Justin Timberlake Take Back the Night
51%
Trolls World Tour (Original Motion Picture Soundtrack) 7 Weeks #61 SZA & Justin Timberlake The Other Side
46%
R&G (Rhythm & Gangsta): The Masterpiece 14 Weeks #46 Snoop Dogg ft. Charlie Wilson & Justin Timberlake Signs
44%
Man of the Woods 2 Weeks #71 Justin Timberlake Supplies
44%
Hope for Haiti Now 3 Weeks #13 Justin Timberlake & Matt Morris ft. Charlie Sexton Hallelujah
41%
Shock Value 1 Week #91 Timbaland ft. Justin Timberlake Release
41%
Best Night Of My Life 11 Weeks #28 Jamie Foxx ft. Justin Timberlake & T.I. Winner
32%
The 20/20 Experience 2 Weeks #64 Justin Timberlake Pusher Love Girl
22%
Non-Album Single 1 Week #90 Meek Mill ft. Justin Timberlake Believe
20%
Non-Album Single 1 Week #94 Ant Clemons & Justin Timberlake Better Days
10%
Non-Album Single 1 Week #84 Timbaland, Nelly Furtado & Justin Timberlake Keep Going Up
10%
Formula, Vol. 3 1 Week #100 Romeo Santos & Justin Timberlake Sin Fin
10%
No matching quizzes found
Score Distribution
Percent of People with Each Score
Percentile by Number Answered
Your Score History
You have not taken this quiz since the last reset